| 000 | 00844nmc a2200289 a 4500 | ||
|---|---|---|---|
| 003 | AR-BaBNM | ||
| 005 | 20251128203955.0 | ||
| 008 | 011101s1991 ||||||||||||||000 | spa|| | ||
| 020 | _a987-99250-5-X | ||
| 040 | _cAR-BaBNM | ||
| 100 | 1 | _aFanelli, Jorge | |
| 245 | 1 | 0 |
_aEducar para la paz _bun contenido, una metodología |
| 260 |
_aBuenos Aires _bEdiciones Aula Abierta _c1991 |
||
| 300 | 0 |
_a125 p. _bil, gráfs. |
|
| 490 | 0 | _aEntre didáctica y metodología | |
| 504 | _aContiene bibliografía | ||
| 650 | 4 | _aEDUCACION PARA LA PAZ | |
| 650 | 4 | _aEDUCACION AMBIENTAL | |
| 650 | 4 | _aCONFLICTO INTERNACIONAL | |
| 650 | 4 | _aMETODOS DE ENSENANZA | |
| 650 | 4 | _aEDUCACION DEL CONSUMIDOR | |
| 650 | 4 | _aPSICOLOGIA DE LA EDUCACION | |
| 650 | 4 | _aSOCIOLOGIA DE LA EDUCACION | |
| 653 | _aSISTEMA EDUCATIVO | ||
| 942 | _cBK | ||
| 998 | _cGrace | ||
| 999 |
_c5668 _d5668 |
||